header

Spiritual assessment in healthcare practice (Record no. 229374)

MARC details
000 -LEADER
fixed length control field 01351nam a2200349 a 4500
082 04 - DEWEY DECIMAL CLASSIFICATION NUMBER
Classification number 615.5
245 00 - TITLE STATEMENT
Title Spiritual assessment in healthcare practice
260 ## - PUBLICATION, DISTRIBUTION, ETC. (IMPRINT)
Place of publication Keswick, England :
Name of publisher M & K,
Year of publication 2010.
300 ## - PHYSICAL DESCRIPTION
Number of Pages xii, 175 p. :
Other physical details ill.
650 #0 - SUBJECT ADDED ENTRY--TOPICAL TERM
Topical Term Spiritual care (Medical care)
Topical Term Patients
700 1# - ADDED ENTRY--PERSONAL NAME
Personal name McSherry, Wilfred.
Personal name Ross, Linda.
Personal name Johnstone, Androulla.
856 40 - ELECTRONIC LOCATION AND ACCESS
Uniform Resource Identifier http://site.ebrary.com/lib/rucke/Doc?id=10459601

No items available.

© 2026 Rongo University
Contact us: librarian | system librarian | Rongo university